000 00647nam a22001937a 4500
005 20251108175109.0
008 250721s2013 xx 000 0 ara d
082 1 4 _a621.319/زهي
100 1 _aالزهيري، محمد توفيق لازم
245 1 0 _aالتمديدات الكهربائية للأبنية و المنشآت /
264 1 _aعمان :
_bدار المناهج للنشر والتوزيع،
_c2013.
300 _a437ص.
650 1 7 _aالهندسة الكهربائية
650 1 7 _aالتيار الكهربائي
650 1 7 _aالتمديدات
650 1 7 _aالاضاءة
942 _2ddc
_cBK
999 _c126072
_d126072